[Event "Feffernitz Raika op 10th"]
[Site "Feffernitz"]
[Date "2001.08.22"]
[Round "5"]
[White "Buerger, Thomas"]
[Black "Hummel, Markus"]
[Result "1/2-1/2"]
[WhiteElo "2097"]
[BlackElo "2219"]
[PlyCount "78"]
[EventDate "2001.08.19"]
[EventType "swiss"]
[EventRounds "9"]
[EventCountry "AUT"]
[SourceTitle "EXT 2002"]
[Source "ChessBase"]
[SourceDate "2001.11.25"]
[SourceVersion "1"]
[SourceVersionDate "2001.11.25"]
[SourceQuality "1"]

1. d4 e6 2. g3 c5 3. Nf3 Nf6 4. Bg2 Nc6 5. 0-0 Be7 6. c4 cxd4 7. Nxd4 0-0 8. Nc3 d5 9. cxd5 exd5 10. e3 Bg4 11. Qa4 Qd7 12. Nxd5 Nxd5 13. Bxd5 Nxd4 14. Qxd4 Bf6 15. Qd3 Rad8 16. e4 b6 17. f3 Bh5 18. Bf4 Bxb2 19. Rab1 Bf6 20. Rbc1 Qa4 21. g4 Bg6 22. Rfd1 Rc8 23. Bb3 Qa5 24. Rxc8 Rxc8 25. Qd7 Qc5+ 26. Kg2 h5 27. Rd5 Rd8 28. Rxc5 Rxd7 29. Rc8+ Rd8 30. Rxd8+ Bxd8 31. h3 hxg4 32. hxg4 Kf8 33. Bd6+ Be7 34. Bb8 a5 35. Bd5 f6 36. f4 Bc5 37. e5 fxe5 38. Bxe5 Bd3 39. Kf3 b5 1/2-1/2

[Event "Pula op 15th"]
[Site "Pula"]
[Date "2001.05.24"]
[Round "7"]
[White "Orel, Oskar"]
[Black "Hummel, Markus"]
[Result "0-1"]
[WhiteElo "2316"]
[BlackElo "2173"]
[PlyCount "73"]
[EventDate "2001.05.18"]
[EventType "swiss"]
[EventRounds "9"]
[EventCountry "CRO"]
[SourceTitle "CBM 082 Extra"]
[Source "ChessBase"]
[SourceDate "2001.07.03"]
[SourceVersion "1"]
[SourceVersionDate "2001.07.03"]
[SourceQuality "1"]

1. e4 b6 2. d4 Bb7 3. Nc3 e6 4. Nf3 Bb4 5. Bd3 Nf6 6. Qe2 d5 7. exd5 Nxd5 8. Bd2 Nxc3 9. bxc3 Be7 10. a4 Nd7 11. a5 c5 12. h4 h6 13. Rh3 Bd6 14. g4 Qe7 15. h5 cxd4 16. cxd4 Bb4 17. c3 Bxa5 18. Ne5 Nxe5 19. Qxe5 0-0 20. Qe3 Rac8 21. Be2 Bd5 22. f4 f6 23. Bd1 Rfe8 24. Ba4 Bc6 25. Bb3 Bd5 26. Ba4 Bc6 27. Bc2 e5 28. fxe5 fxe5 29. Bb3+ Kh8 30. d5 Bd7 31. Qe4 Qc5 32. Re3 Qe7 33. Bc2 Qh4+ 34. Kd1 Qxg4+ 35. Qxg4 Bxg4+ 36. Kc1 Bxh5 37. Be4 0-1

[Event "Australian op"]
[Site "Canberra"]
[Date "2000.12.28"]
[Round "1"]
[White "Hummel, Markus"]
[Black "Corker, Kerry"]
[Result "0-1"]
[WhiteElo "2174"]
[BlackElo "2030"]
[PlyCount "35"]
[EventDate "2000.12.30"]
[EventType "swiss"]
[EventRounds "11"]
[EventCountry "AUS"]
[SourceTitle "EXT 2002"]
[Source "ChessBase"]
[SourceDate "2001.11.25"]
[SourceVersion "1"]
[SourceVersionDate "2001.11.25"]
[SourceQuality "1"]

1. d4 d5 2. Nf3 Nf6 3. g3 g6 4. Bg2 Bg7 5. c4 c6 6. 0-0 0-0 7. Nc3 dxc4 8. Ne5 Be6 9. e4 Nfd7 10. f4 Nxe5 11. fxe5 Nd7 12. g4 Qb6 13. Kh1 Rad8 14. Na4 Qa6 15. h3 b5 16. Nc3 Nxe5 17. Be3 Nd3 18. e5 0-1

[Event "AUT-chT2S 0001"]
[Site "Austria"]
[Date "2000.12.10"]
[Round "6"]
[White "Petschar, Kurt"]
[Black "Hummel, Markus"]
[Result "1/2-1/2"]
[WhiteElo "2280"]
[BlackElo "2145"]
[PlyCount "50"]
[EventDate "2000.??.??"]
[EventType "team"]
[EventRounds "11"]
[EventCountry "AUT"]
[SourceTitle "EXT 2002"]
[Source "ChessBase"]
[SourceDate "2001.11.25"]
[SourceVersion "1"]
[SourceVersionDate "2001.11.25"]
[SourceQuality "1"]

1. e4 b6 2. d4 Bb7 3. Nc3 e6 4. Be3 Bb4 5. f3 d5 6. e5 c5 7. f4 Ne7 8. Nf3 Nbc6 9. Bd3 Qc7 10. 0-0 Bxc3 11. bxc3 cxd4 12. Nxd4 Nxd4 13. Bxd4 g6 14. a4 Nc6 15. Qd2 Na5 16. Qf2 Nc4 17. Rfb1 Bc6 18. Bxc4 dxc4 19. a5 0-0 20. axb6 axb6 21. Bxb6 Qd7 22. Bc5 Rxa1 23. Rxa1 Ra8 24. Rb1 Qb7 25. Rd1 Bd5 1/2-1/2

[Event "AUT-chT2S 0001"]
[Site "Austria"]
[Date "2000.10.07"]
[Round "1"]
[White "Egartner, Wolfgang"]
[Black "Hummel, Markus"]
[Result "1/2-1/2"]
[WhiteElo "2155"]
[BlackElo "2145"]
[PlyCount "43"]
[EventDate "2000.??.??"]
[EventType "team"]
[EventRounds "11"]
[EventCountry "AUT"]
[SourceTitle "EXT 2002"]
[Source "ChessBase"]
[SourceDate "2001.11.25"]
[SourceVersion "1"]
[SourceVersionDate "2001.11.25"]
[SourceQuality "1"]

1. d4 Nf6 2. Nf3 e6 3. g3 c5 4. Bg2 Nc6 5. 0-0 d5 6. c4 dxc4 7. Ne5 Nxe5 8. dxe5 Qxd1 9. Rxd1 Nd7 10. f4 f6 11. exf6 gxf6 12. a4 Rb8 13. Na3 h5 14. Nxc4 h4 15. Be3 hxg3 16. hxg3 Rg8 17. Kf2 f5 18. Rac1 Rg7 19. Bf3 b6 20. Rd2 Bb7 21. Bxb7 Rxb7 22. Rd6 1/2-1/2

[Event "Feffernitz Raika op 09th"]
[Site "Feffernitz"]
[Date "2000.08.22"]
[Round "3"]
[White "Horvath, Tamas"]
[Black "Hummel, Markus"]
[Result "1/2-1/2"]
[WhiteElo "2375"]
[BlackElo "2174"]
[PlyCount "44"]
[EventDate "2000.08.??"]
[EventType "swiss"]
[EventRounds "9"]
[EventCountry "AUT"]
[SourceTitle "EXT 2001"]
[Source "ChessBase"]
[SourceDate "2000.11.22"]
[SourceVersion "1"]
[SourceVersionDate "2000.11.22"]
[SourceQuality "1"]

1. e4 c5 2. f4 Nc6 3. Nf3 g6 4. Bb5 Nd4 5. Nxd4 cxd4 6. 0-0 Qb6 7. a4 Bg7 8. Kh1 Nh6 9. d3 0-0 10. Bc4 Kh8 11. a5 Qc6 12. Bd5 Qc7 13. f5 gxf5 14. exf5 Ng8 15. Bg5 Bf6 16. Bf4 Be5 17. Bxe5+ Qxe5 18. Bf3 d5 19. a6 bxa6 20. Ra5 Nf6 21. Nd2 Rb8 22. Nb3 Rb4 1/2-1/2

[Event "Finkenstein op 16th"]
[Site "Finkenstein"]
[Date "2000.08.19"]
[Round "9"]
[White "Fucak, Emilijo"]
[Black "Hummel, Markus"]
[Result "1-0"]
[WhiteElo "2334"]
[BlackElo "2174"]
[PlyCount "75"]
[EventDate "2000.08.12"]
[EventType "swiss"]
[EventRounds "9"]
[EventCountry "AUT"]
[SourceTitle "EXT 2001"]
[Source "ChessBase"]
[SourceDate "2000.11.22"]
[SourceVersion "1"]
[SourceVersionDate "2000.11.22"]
[SourceQuality "1"]

1. b3 e5 2. Bb2 Nc6 3. c4 g6 4. e3 Bg7 5. Nf3 Nge7 6. b4 Nxb4 7. Bxe5 Bxe5 8. Nxe5 d6 9. Qa4+ Nbc6 10. Nf3 Bf5 11. Nc3 0-0 12. Be2 Qd7 13. d4 a6 14. Qd1 d5 15. h3 h5 16. Rc1 Be6 17. e4 dxe4 18. Nxe4 Qd8 19. d5 Bf5 20. Nf6+ Kg7 21. Qd2 Ne5 22. Nxh5+ gxh5 23. Nxe5 Ng6 24. Nxg6 fxg6 25. g4 Be4 26. Qd4+ Qf6 27. Qxf6+ Rxf6 28. 0-0 Bf3 29. Bxf3 Rxf3 30. Kg2 Raf8 31. c5 R8f6 32. Rb1 b5 33. cxb6 cxb6 34. Rbd1 Kf7 35. d6 Ke8 36. d7+ Kd8 37. Rfe1 Rxf2+ 38. Kg1 1-0

[Event "Finkenstein op 16th"]
[Site "Finkenstein"]
[Date "2000.08.18"]
[Round "8"]
[White "Hummel, Markus"]
[Black "Brauer, Christian E"]
[Result "1-0"]
[WhiteElo "2174"]
[BlackElo "2160"]
[PlyCount "55"]
[EventDate "2000.08.12"]
[EventType "swiss"]
[EventRounds "9"]
[EventCountry "AUT"]
[SourceTitle "EXT 2001"]
[Source "ChessBase"]
[SourceDate "2000.11.22"]
[SourceVersion "1"]
[SourceVersionDate "2000.11.22"]
[SourceQuality "1"]

1. e4 e6 2. d4 d5 3. Nd2 c5 4. c3 Nc6 5. exd5 Qxd5 6. dxc5 Bxc5 7. Ngf3 Nf6 8. Bc4 Qd6 9. 0-0 Qc7 10. Qe2 0-0 11. Ne4 Nxe4 12. Qxe4 a6 13. Ng5 g6 14. Qh4 h5 15. Ne4 Be7 16. Bg5 f5 17. Bxe7 Nxe7 18. Ng5 Nd5 19. Rfe1 Qc6 20. Rad1 Nc7 21. Nf3 Qe8 22. Rd6 b5 23. Bb3 a5 24. a3 Ra6 25. Rd3 Bb7 26. Ne5 Kh8 27. Qg5 Bd5 28. Nxg6+ 1-0

[Event "Finkenstein op 16th"]
[Site "Finkenstein"]
[Date "2000.08.14"]
[Round "4"]
[White "Hummel, Markus"]
[Black "Kiss, Attila"]
[Result "1-0"]
[WhiteElo "2174"]
[BlackElo "2338"]
[PlyCount "35"]
[EventDate "2000.08.12"]
[EventType "swiss"]
[EventRounds "9"]
[EventCountry "AUT"]
[SourceTitle "EXT 2001"]
[Source "ChessBase"]
[SourceDate "2000.11.22"]
[SourceVersion "1"]
[SourceVersionDate "2000.11.22"]
[SourceQuality "1"]

1. e4 d6 2. d4 Nf6 3. Nc3 Nbd7 4. f4 e5 5. Nf3 exd4 6. Qxd4 c6 7. Be3 d5 8. exd5 Bc5 9. Qd3 Qe7 10. Nd4 Nb6 11. dxc6 bxc6 12. 0-0-0 Ba6 13. Qd2 Bxf1 14. Nf5 Bxe3 15. Nxe3 Ba6 16. Nf5 Qc5 17. Rhe1+ Kf8 18. Qd8+ 1-0

[Event "AUT-ch U18"]
[Site "Soechau"]
[Date "2000.04.19"]
[Round "5"]
[White "Flury, Samuel"]
[Black "Hummel, Markus"]
[Result "0-1"]
[WhiteElo "2063"]
[BlackElo "2145"]
[PlyCount "50"]
[EventDate "2000.??.??"]
[EventType "swiss"]
[EventRounds "7"]
[EventCountry "AUT"]
[SourceTitle "EXT 2001"]
[Source "ChessBase"]
[SourceDate "2000.11.22"]
[SourceVersion "1"]
[SourceVersionDate "2000.11.22"]
[SourceQuality "1"]

1. d4 Nf6 2. Nf3 g6 3. Bg5 Bg7 4. e3 0-0 5. Nbd2 d6 6. Bc4 Nbd7 7. Qe2 c6 8. 0-0-0 b5 9. Bd3 Nd5 10. Ne4 Qa5 11. Kb1 Nb4 12. a3 Nxd3 13. Qxd3 d5 14. Qc3 Qb6 15. Ned2 f6 16. Bf4 a5 17. g4 b4 18. axb4 axb4 19. Qb3 Qa5 20. Kc1 Ba6 21. e4 e5 22. exd5 cxd5 23. Be3 Rfc8 24. dxe5 Bc4 25. e6 Qa1+ 0-1

[Event "AUT-ch U18"]
[Site "Soechau"]
[Date "2000.04.18"]
[Round "4"]
[White "Hummel, Markus"]
[Black "Burschowsky, Matthias"]
[Result "0-1"]
[WhiteElo "2145"]
[BlackElo "2172"]
[PlyCount "52"]
[EventDate "2000.??.??"]
[EventType "swiss"]
[EventRounds "7"]
[EventCountry "AUT"]
[SourceTitle "EXT 2001"]
[Source "ChessBase"]
[SourceDate "2000.11.22"]
[SourceVersion "1"]
[SourceVersionDate "2000.11.22"]
[SourceQuality "1"]

1. d4 Nf6 2. c4 c5 3. Nf3 g6 4. d5 b5 5. cxb5 a6 6. b6 a5 7. Nc3 Bg7 8. d6 0-0 9. dxe7 Qxe7 10. e3 Nc6 11. Bc4 Bb7 12. 0-0 Ne5 13. Nd5 Nxd5 14. Bxd5 Bxd5 15. Qxd5 Nxf3+ 16. Qxf3 Rab8 17. Rd1 Rxb6 18. Qd5 Rfb8 19. Rb1 d6 20. b3 a4 21. Bd2 axb3 22. axb3 Be5 23. f4 Bc3 24. Qd3 Bxd2 25. Rxd2 Qe6 26. Rdb2 c4 0-1

[Event "Jacques Lemans op 19th"]
[Site "St Veit"]
[Date "2000.??.??"]
[Round "5"]
[White "Hummel, Markus"]
[Black "Biro, Sandor"]
[Result "0-1"]
[WhiteElo "2145"]
[BlackElo "2339"]
[PlyCount "106"]
[EventDate "2000.07.??"]
[EventType "swiss"]
[EventRounds "9"]
[EventCountry "AUT"]
[SourceTitle "EXT 2001"]
[Source "ChessBase"]
[SourceDate "2000.11.22"]
[SourceVersion "1"]
[SourceVersionDate "2000.11.22"]
[SourceQuality "1"]

1. e4 e5 2. Nf3 Nc6 3. d4 exd4 4. c3 d5 5. exd5 Qxd5 6. cxd4 Bg4 7. Be2 Bb4+ 8. Nc3 Bxf3 9. Bxf3 Qc4 10. Bxc6+ bxc6 11. Qe2+ Qxe2+ 12. Kxe2 0-0-0 13. Rd1 Ne7 14. Kd3 Rd7 15. Kc4 Ba5 16. b4 Bb6 17. Na4 Nf5 18. Be3 Re8 19. Rd3 Rde7 20. Re1 Re4 21. Nc5 Bxc5 22. bxc5 h5 23. Kc3 Ne7 24. Kd2 Nd5 25. g3 g5 26. f3 R4e6 27. Bf2 Rxe1 28. Bxe1 g4 29. Bf2 f5 30. Ra3 Kd7 31. fxg4 hxg4 32. Rxa7 Nf6 33. Bg1 Ne4+ 34. Kd3 Nf6 35. Kd2 Rb8 36. Kc2 Nd5 37. Ra3 Ke6 38. Rb3 Ra8 39. Kb2 f4 40. gxf4 Rh8 41. Kc2 Kf5 42. Kd2 Kxf4 43. a4 Ra8 44. Ra3 Ra5 45. Bf2 Ke4 46. Kc2 Ra8 47. Kd2 Rf8 48. Bg1 Rf1 49. Rg3 Kf5 50. Be3 Ra1 51. Ke2 Rxa4 52. Rg1 Ra2+ 53. Bd2 Nf4+ 0-1

[Event "Jacques Lemans op 19th"]
[Site "St Veit"]
[Date "2000.??.??"]
[Round "9"]
[White "Hummel, Markus"]
[Black "Wilfling, Hermann"]
[Result "1-0"]
[WhiteElo "2145"]
[BlackElo "2175"]
[PlyCount "71"]
[EventDate "2000.07.??"]
[EventType "swiss"]
[EventRounds "9"]
[EventCountry "AUT"]
[SourceTitle "EXT 2001"]
[Source "ChessBase"]
[SourceDate "2000.11.22"]
[SourceVersion "1"]
[SourceVersionDate "2000.11.22"]
[SourceQuality "1"]

1. e4 c5 2. c3 d5 3. exd5 Qxd5 4. d4 e6 5. Nf3 Nf6 6. Bd3 Be7 7. 0-0 0-0 8. c4 Qd8 9. dxc5 Bxc5 10. Nc3 Nc6 11. Bg5 Be7 12. Qe2 h6 13. Bh4 Nd4 14. Nxd4 Qxd4 15. Ne4 g5 16. Nxf6+ Bxf6 17. Bg3 Bg7 18. Rab1 f5 19. Rfd1 Qf6 20. Bd6 Rd8 21. Bc7 Re8 22. c5 e5 23. Bb5 Rf8 24. Rd5 e4 25. Be5 Qf7 26. Rd6 Kh7 27. Bc4 Qe7 28. Bxg7 Qxg7 29. Rbd1 f4 30. Bd5 e3 31. Be4+ Bf5 32. Bxf5+ Rxf5 33. Qc2 exf2+ 34. Kxf2 Raf8 35. R1d5 Qf7 36. Rd7 1-0

[Event "Donau op-A 08th"]
[Site "Aschach"]
[Date "1999.12.27"]
[Round "3"]
[White "Hummel, Markus"]
[Black "Kilgus, Georg"]
[Result "0-1"]
[WhiteElo "2130"]
[BlackElo "2218"]
[PlyCount "84"]
[EventDate "1999.12.26"]
[EventType "swiss"]
[EventRounds "7"]
[EventCountry "AUT"]
[SourceTitle "CBM 073 Extra"]
[Source "ChessBase"]
[SourceDate "2000.01.11"]
[SourceVersion "1"]
[SourceVersionDate "2000.01.11"]
[SourceQuality "1"]

1. e4 c5 2. c3 Nf6 3. e5 Nd5 4. d4 cxd4 5. Nf3 e6 6. cxd4 b6 7. Nc3 Nxc3 8. bxc3 Qc7 9. Bd2 Bb7 10. Bd3 d6 11. 0-0 Nd7 12. exd6 Bxd6 13. Re1 0-0 14. h3 Bf4 15. Bxf4 Qxf4 16. Ne5 Nxe5 17. Rxe5 Rac8 18. Qc2 g6 19. Rae1 Rfd8 20. Be4 Ba6 21. Qa4 Bc4 22. Qxa7 f6 23. Bxg6 hxg6 24. R5e3 Qc7 25. Qa4 Kf7 26. Qc2 Ra8 27. Rg3 Rg8 28. Qd2 Rxa2 29. Qh6 Ra5 30. Re4 Rh5 31. Qe3 Bd5 32. Rf4 g5 33. Rfg4 f5 34. Rxg5 Rhxg5 35. Rxg5 f4 36. Qe5 Qxe5 37. Rxe5 Rc8 38. Rh5 Rxc3 39. Rh4 f3 40. gxf3 Rxf3 41. Rh8 b5 42. Rb8 Rb3 0-1

[Event "Feffernitz Raika op 08th"]
[Site "Feffernitz"]
[Date "1999.08.17"]
[Round "3.19"]
[White "Wochein, Marco"]
[Black "Hummel, Markus"]
[Result "0-1"]
[WhiteElo "1758"]
[BlackElo "2093"]
[PlyCount "44"]
[EventDate "1999.08.??"]
[EventType "swiss"]
[EventRounds "9"]
[EventCountry "AUT"]
[SourceTitle "EXT 2004"]
[Source "ChessBase"]
[SourceDate "2003.11.25"]
[SourceVersion "1"]
[SourceVersionDate "2003.11.25"]
[SourceQuality "1"]

1. e4 c5 2. Nf3 d6 3. d4 cxd4 4. Nxd4 Nf6 5. Nc3 g6 6. Be3 Bg7 7. f3 0-0 8. Qd2 Nc6 9. g4 Bd7 10. g5 Nh5 11. Nce2 Rc8 12. c4 Ne5 13. Ng3 Rxc4 14. Bxc4 Nxc4 15. Qc3 Nxe3 16. Qxe3 Nf4 17. Kf2 Qb6 18. Rad1 Rc8 19. Nge2 Nh3+ 20. Kg3 Rc5 21. f4 e5 22. Nf3 exf4+ 0-1

[Event "Elekes Memorial IM"]
[Site "Budapest"]
[Date "1999.??.??"]
[Round "11"]
[White "Hummel, Markus"]
[Black "Moser, Eva"]
[Result "1/2-1/2"]
[WhiteElo "2130"]
[BlackElo "2223"]
[PlyCount "44"]
[EventDate "1999.??.??"]
[EventType "tourn"]
[EventRounds "11"]
[EventCountry "HUN"]
[EventCategory "3"]
[SourceTitle "EXT 2002"]
[Source "ChessBase"]
[SourceDate "2001.11.25"]
[SourceVersion "1"]
[SourceVersionDate "2001.11.25"]
[SourceQuality "1"]

1. d4 Nf6 2. c4 c5 3. d5 b5 4. cxb5 a6 5. bxa6 g6 6. Nc3 Bxa6 7. e4 Bxf1 8. Kxf1 d6 9. Nf3 Bg7 10. g3 0-0 11. Kg2 Nbd7 12. Re1 Qb6 13. Re2 Rfb8 14. Bg5 h6 15. Bf4 Qa6 16. h4 Ne8 17. Qc1 Kh7 18. Rb1 Nc7 19. b3 c4 20. bxc4 Qxc4 21. Rxb8 Rxb8 22. Bd2 Nb5 1/2-1/2

[Event "Finkenstein op"]
[Site "Finkenstein"]
[Date "1999.??.??"]
[Round "?"]
[White "Hummel, Markus"]
[Black "Neumeier, Klaus"]
[Result "0-1"]
[WhiteElo "2130"]
[BlackElo "2248"]
[PlyCount "80"]
[EventDate "1999.??.??"]
[EventType "swiss"]
[EventRounds "9"]
[EventCountry "AUT"]
[SourceTitle "EXT 2002"]
[Source "ChessBase"]
[SourceDate "2001.11.25"]
[SourceVersion "1"]
[SourceVersionDate "2001.11.25"]
[SourceQuality "1"]

1. e4 c5 2. c3 Nf6 3. e5 Nd5 4. d4 cxd4 5. Nf3 Nc6 6. Bc4 Nb6 7. Bb3 g6 8. cxd4 Bg7 9. d5 Nxe5 10. Nxe5 Bxe5 11. Bh6 Bxb2 12. Nd2 d6 13. Rb1 Bc3 14. Rc1 Bxd2+ 15. Qxd2 Bd7 16. Bg7 Rg8 17. Qh6 Bb5 18. Qxh7 Kd7 19. Bc3 Rf8 20. h4 Rc8 21. h5 gxh5 22. Rh3 Rc5 23. Bd2 Rxc1+ 24. Bxc1 Kc7 25. Qxh5 Kb8 26. Bh6 Rg8 27. Qxf7 Rxg2 28. Rg3 Be8 29. Qg8 Rh2 30. Bf4 Rh1+ 31. Kd2 Nd7 32. Rc3 Nf6 33. Qg2 Rh4 34. Bg3 Rd4+ 35. Kc1 Qa5 36. Kb2 Rd2+ 37. Rc2 Nxd5 38. Bxd5 Rxd5 39. Rc3 Rb5+ 40. Kc2 Bg6+ 0-1

[Event "Elekes Memorial IM"]
[Site "Budapest"]
[Date "1999.??.??"]
[Round "1"]
[White "Lorincz, Istvan"]
[Black "Hummel, Markus"]
[Result "1-0"]
[WhiteElo "2326"]
[BlackElo "2130"]
[PlyCount "59"]
[EventDate "1999.??.??"]
[EventType "tourn"]
[EventRounds "11"]
[EventCountry "HUN"]
[EventCategory "3"]
[SourceTitle "EXT 2002"]
[Source "ChessBase"]
[SourceDate "2001.11.25"]
[SourceVersion "1"]
[SourceVersionDate "2001.11.25"]
[SourceQuality "1"]

1. d4 Nf6 2. Nf3 c5 3. d5 g6 4. Nc3 d6 5. e4 Nbd7 6. Be2 Bg7 7. 0-0 0-0 8. a4 a6 9. Nd2 Ne8 10. f4 Nc7 11. Ra3 Rb8 12. Rb3 b5 13. axb5 axb5 14. Ncb1 f5 15. Rg3 Nf6 16. Bf3 fxe4 17. Nxe4 Nfxd5 18. Ng5 Nxf4 19. Nc3 Bd4+ 20. Kh1 Nfe6 21. Nxh7 Kxh7 22. Rxg6 Ng7 23. Be4 Kg8 24. Rh6 Rf6 25. Bh7+ Kf8 26. Bg6 Kg8 27. Ne4 Rxf1+ 28. Qxf1 Bf6 29. Qf4 Nce6 30. Rh8+ 1-0

[Event "Elekes Memorial IM"]
[Site "Budapest"]
[Date "1999.??.??"]
[Round "3"]
[White "Portisch, Ferenc"]
[Black "Hummel, Markus"]
[Result "1-0"]
[WhiteElo "2385"]
[BlackElo "2130"]
[PlyCount "63"]
[EventDate "1999.??.??"]
[EventType "tourn"]
[EventRounds "11"]
[EventCountry "HUN"]
[EventCategory "3"]
[SourceTitle "EXT 2002"]
[Source "ChessBase"]
[SourceDate "2001.11.25"]
[SourceVersion "1"]
[SourceVersionDate "2001.11.25"]
[SourceQuality "1"]

1. d4 Nf6 2. c4 c5 3. d5 b5 4. cxb5 a6 5. e3 axb5 6. Bxb5 Qa5+ 7. Nc3 Bb7 8. Nge2 Nxd5 9. 0-0 Nxc3 10. Nxc3 e6 11. Qd3 Nc6 12. Bd2 Qc7 13. Rfc1 h5 14. Ne4 Ne5 15. Qc2 Rc8 16. f4 Ng4 17. Qd3 Nf6 18. Ng5 Be7 19. b4 Qb6 20. a4 Qd6 21. bxc5 Qxd3 22. Bxd3 Bxc5 23. Rab1 Ba3 24. Rc3 Rxc3 25. Bxc3 Bc8 26. a5 Bc5 27. Bd4 d6 28. a6 0-0 29. Bxc5 dxc5 30. a7 Bd7 31. Rb8 Bc6 32. Nh7 1-0

[Event "Elekes Memorial IM"]
[Site "Budapest"]
[Date "1999.??.??"]
[Round "6"]
[White "Sedlak, Nikola"]
[Black "Hummel, Markus"]
[Result "1-0"]
[WhiteElo "2349"]
[BlackElo "2130"]
[PlyCount "95"]
[EventDate "1999.??.??"]
[EventType "tourn"]
[EventRounds "11"]
[EventCountry "HUN"]
[EventCategory "3"]
[SourceTitle "EXT 2002"]
[Source "ChessBase"]
[SourceDate "2001.11.25"]
[SourceVersion "1"]
[SourceVersionDate "2001.11.25"]
[SourceQuality "1"]

1. e4 c5 2. Nf3 d6 3. d4 cxd4 4. Nxd4 Nf6 5. Nc3 a6 6. h3 e5 7. Nde2 b5 8. g4 Bb7 9. Bg2 h6 10. Ng3 Nbd7 11. 0-0 Rc8 12. a4 b4 13. Nd5 Nxd5 14. exd5 Qc7 15. Bd2 Qxc2 16. Bxb4 Qxd1 17. Rfxd1 Rc4 18. Be1 g6 19. Nf1 Be7 20. Ne3 Rc8 21. b3 Nc5 22. Rab1 0-0 23. Nc4 f5 24. Na5 Ba8 25. Bf1 fxg4 26. b4 Nxa4 27. Bxa6 Rc7 28. Nc6 Bxc6 29. dxc6 Nb6 30. b5 Rb8 31. hxg4 Kf7 32. Ba5 Ke6 33. Rbc1 Bd8 34. Bb7 Rf7 35. Rc3 Bc7 36. Rh3 Rf4 37. Rxh6 Rxg4+ 38. Kf1 Kf6 39. Rh7 Ra4 40. Bxb6 Bxb6 41. c7 Bxc7 42. Rxc7 Rd8 43. Rc8 Rxc8 44. Bxc8 Ke7 45. Rb1 Kd8 46. Be6 Kc7 47. b6+ Kb8 48. Rd1 1-0

[Event "Feffernitz Raika op 07th"]
[Site "Feffernitz"]
[Date "1998.08.22"]
[Round "?"]
[White "Hummel, Markus"]
[Black "Hasberger, Walter"]
[Result "1/2-1/2"]
[WhiteElo "2135"]
[BlackElo "1868"]
[PlyCount "46"]
[EventDate "1998.08.??"]
[EventType "swiss"]
[EventRounds "9"]
[EventCountry "AUT"]
[SourceTitle "EXT 2004"]
[Source "ChessBase"]
[SourceDate "2003.11.25"]
[SourceVersion "1"]
[SourceVersionDate "2003.11.25"]
[SourceQuality "1"]

1. e4 e6 2. d3 d5 3. Nc3 d4 4. Nce2 c5 5. g3 Nc6 6. Bg2 e5 7. Nf3 Nf6 8. 0-0 Bd6 9. h3 0-0 10. Nd2 b5 11. f4 Qc7 12. f5 a5 13. a4 Ba6 14. g4 Nb4 15. g5 Nd7 16. f6 g6 17. axb5 Bxb5 18. Nc4 a4 19. Rf3 Nb6 20. Nxb6 Qxb6 21. c4 dxc3 22. bxc3 Nxd3 23. Kh2 c4 1/2-1/2

[Event "Feffernitz Raika op 07th"]
[Site "Feffernitz"]
[Date "1998.08.18"]
[Round "?"]
[White "Hummel, Markus"]
[Black "Spirk, Stefan"]
[Result "1-0"]
[WhiteElo "2135"]
[BlackElo "2245"]
[PlyCount "53"]
[EventDate "1998.08.??"]
[EventType "swiss"]
[EventRounds "9"]
[EventCountry "AUT"]
[SourceTitle "EXT 2004"]
[Source "ChessBase"]
[SourceDate "2003.11.25"]
[SourceVersion "1"]
[SourceVersionDate "2003.11.25"]
[SourceQuality "1"]

1. e4 e6 2. d3 d5 3. Nc3 Nf6 4. exd5 exd5 5. Bg5 Be7 6. Nf3 Bg4 7. h3 Bxf3 8. Qxf3 c6 9. 0-0-0 0-0 10. g4 Nbd7 11. Bg2 Qa5 12. Kb1 Rfe8 13. Bd2 Qc7 14. g5 Ne5 15. Qe2 Nfd7 16. f4 Ng6 17. Qf2 Bc5 18. d4 Bd6 19. Ne2 Ngf8 20. f5 Nb6 21. f6 Nc4 22. Bc1 Qb6 23. Ka1 Rxe2 24. Qxe2 Re8 25. Qxe8 Bf4 26. b3 Qb4 27. Qe1 1-0

[Event "Feffernitz Raika op 07th"]
[Site "Feffernitz"]
[Date "1998.08.16"]
[Round "?"]
[White "Hummel, Markus"]
[Black "Sixthofer, Kurt"]
[Result "1-0"]
[WhiteElo "2135"]
[BlackElo "1694"]
[PlyCount "43"]
[EventDate "1998.08.??"]
[EventType "swiss"]
[EventRounds "9"]
[EventCountry "AUT"]
[SourceTitle "EXT 2004"]
[Source "ChessBase"]
[SourceDate "2003.11.25"]
[SourceVersion "1"]
[SourceVersionDate "2003.11.25"]
[SourceQuality "1"]

1. e4 d5 2. exd5 Nf6 3. d4 Nxd5 4. c4 Nb6 5. Nc3 Bf5 6. Nf3 e6 7. Be3 Be7 8. Bd3 Bxd3 9. Qxd3 Nc6 10. 0-0-0 Bf6 11. Qe2 Qe7 12. d5 exd5 13. cxd5 Nb4 14. d6 cxd6 15. Qb5+ Nc6 16. Bxb6 axb6 17. Rhe1 Be5 18. Nd5 Qd8 19. Nxe5 dxe5 20. Rxe5+ Kf8 21. Nxb6 Nd4 22. Qc5+ 1-0

[Event "AUT-chT2S 9798"]
[Site "Austria"]
[Date "1998.03.14"]
[Round "10"]
[White "Hummel, Markus"]
[Black "Sorg, Bernd"]
[Result "0-1"]
[WhiteElo "2165"]
[BlackElo "2200"]
[PlyCount "82"]
[EventDate "1997.??.??"]
[EventType "team"]
[EventRounds "11"]
[EventCountry "AUT"]
[SourceTitle "EXT 1999"]
[Source "ChessBase"]
[SourceDate "1998.11.16"]
[SourceVersion "1"]
[SourceVersionDate "1998.11.16"]
[SourceQuality "1"]

1. e4 e6 2. d4 d5 3. exd5 exd5 4. Bd3 Nc6 5. c3 Bd6 6. Qf3 Be6 7. Ne2 Qd7 8. Bf4 Nf6 9. Bxd6 Qxd6 10. Na3 a6 11. Nc2 0-0 12. Ne3 Rae8 13. 0-0 Ne7 14. Nf4 c6 15. Rae1 Bc8 16. Nh5 Nxh5 17. Qxh5 g6 18. Qf3 Kg7 19. Qg3 Qxg3 20. hxg3 Ng8 21. f3 Re7 22. Kf2 Rfe8 23. Nc2 h5 24. Rxe7 Rxe7 25. Re1 Kf6 26. Rxe7 Nxe7 27. Ne3 Bf5 28. Nxf5 Nxf5 29. Bxf5 Kxf5 30. a4 b6 31. Ke3 a5 32. Ke2 b5 33. axb5 cxb5 34. Ke3 g5 35. Ke2 g4 36. Ke3 gxf3 37. gxf3 Kg5 38. Kf2 f5 39. Kg2 f4 40. Kh3 fxg3 41. Kxg3 b4 0-1